[Event "XXVII Festival Conca della Presolana B"]
[Site "Bratto - Castione della Presolana ITA"]
[Date "2007.08.26"]
[Round "3"]
[White "Crimi, Alessandro"]
[Black "Saracco, Marco"]
[Result "1-0"]
[WhiteElo "1918"]
[BlackElo "1840"]
[PlyCount "85"]
[EventDate "2007.08.24"]

1. d4 d5 2. c4 e6 3. Nc3 Nf6 4. cxd5 exd5 5. Bg5 Nbd7 6. e3 Be7 7. Bd3 O-O 8.
Qc2 c6 9. Nge2 Re8 10. O-O Nf8 11. f3 Bd7 12. e4 Be6 13. e5 N6d7 14. Bxe7 Qxe7
15. f4 g6 16. f5 gxf5 17. Bxf5 Ng6 18. Ng3 c5 19. Nb5 cxd4 20. Qd2 Ndxe5 21.
Qxd4 Nc6 22. Qf2 a6 23. Nc3 Nce5 24. Nh5 Rf8 25. Rae1 Qg5 26. Ng3 Rac8 27. Bb1
Nc4 28. Qd4 Qd2 29. Qf6 Qh6 30. Nxd5 Qg7 31. Bxg6 hxg6 32. Ne7+ Kh7 33. Ne4
Qxf6 34. Nxf6+ Kg7 35. Nxc8 Rxc8 36. Rc1 Rd8 37. Ne4 Ne3 38. Rfe1 Nf5 39. a3
Rd4 40. Rcd1 Rc4 41. Nc3 Kf6 42. Ne4+ Kg7 43. Ng5 1-0

[Event "XXVII Festival Conca della Presolana B"]
[Site "Bratto - Castione della Presolana ITA"]
[Date "2007.08.26"]
[Round "3"]
[White "Di Donato, Giovanni"]
[Black "Cicioni, Luigi"]
[Result "1-0"]
[WhiteElo "1939"]
[BlackElo "1718"]
[PlyCount "135"]
[EventDate "2007.08.24"]

1. e4 c5 2. c3 d5 3. exd5 Qxd5 4. d4 e6 5. Nf3 Nf6 6. Bd3 c4 7. Be2 Nc6 8. O-O
Be7 9. Nbd2 b5 10. a4 Ba6 11. axb5 Bxb5 12. Re1 Nd7 13. Nf1 Nb6 14. Ne3 Qd8 15.
b3 a5 16. bxc4 Ba6 17. c5 Bxe2 18. Rxe2 Nd5 19. Nxd5 Qxd5 20. Ne5 O-O 21. Nxc6
Qxc6 22. Rea2 Rfd8 23. Qc2 e5 24. Be3 Bf6 25. Rxa5 Rxa5 26. Rxa5 exd4 27. cxd4
Bxd4 28. Bxd4 Rxd4 29. Qb3 Rd8 30. h3 Qc7 31. Rb5 h6 32. Rb7 Qf4 33. Qf3 Qxf3
34. gxf3 Rc8 35. Rb5 Kf8 36. Kf1 Ke7 37. Ke2 Ke6 38. Kd3 Kd5 39. Rb7 Rf8 40.
Rc7 g6 41. Kc3 f5 42. Rh7 Rc8 43. Rxh6 Rxc5+ 44. Kd3 Rc6 45. h4 Ke5 46. h5 Rd6+
47. Ke2 gxh5 48. f4+ Kd5 49. Rxh5 Ke4 50. Rh4 Ra6 51. f3+ Kd4 52. Kf2 Ra2+ 53.
Kg3 Ke3 54. Rh8 Ra7 55. Re8+ Kd4 56. Rf8 Ra5 57. Rd8+ Ke3 58. Re8+ Kd4 59. Kh4
Ra7 60. Kg5 Rg7+ 61. Kxf5 Rf7+ 62. Kg5 Kd5 63. f5 Kd6 64. Kg6 Ra7 65. f6 Kd5
66. f7 Ra6+ 67. Kg7 Ra7 68. Kg8 1-0

[Event "XXVII Festival Conca della Presolana B"]
[Site "Bratto - Castione della Presolana ITA"]
[Date "2007.08.26"]
[Round "3"]
[White "Dorati, Giuseppe"]
[Black "Oteri, Aldo"]
[Result "1/2-1/2"]
[WhiteElo "1715"]
[BlackElo "1957"]
[PlyCount "87"]
[EventDate "2007.08.24"]

1. e4 e6 2. d4 d5 3. Nd2 c5 4. exd5 Qxd5 5. Ngf3 cxd4 6. Bc4 Qd6 7. O-O Nf6 8.
Nb3 Nc6 9. Nbxd4 Nxd4 10. Qxd4 Qxd4 11. Nxd4 Bc5 12. Nb5 Bb6 13. Nd6+ Ke7 14.
Nxc8+ Raxc8 15. Bb3 Ne4 16. c3 Rhd8 17. Bf4 Nd2 18. Rfd1 Nxb3 19. axb3 f6 20.
Kf1 e5 21. Bg3 Ke6 22. f3 g5 23. Bf2 Rxd1+ 24. Rxd1 Bxf2 25. Kxf2 h5 26. h3 f5
27. h4 g4 28. c4 a6 29. fxg4 fxg4 30. Rd3 Rf8+ 31. Ke2 Rf4 32. g3 Rf3 33. Rxf3
gxf3+ 34. Kxf3 Kf5 35. b4 e4+ 36. Ke3 Kg4 37. Kxe4 Kxg3 38. Kf5 Kxh4 39. Kf4
Kh3 40. Kf3 Kh2 41. Kf2 h4 42. c5 h3 43. b3 Kh1 44. Kf1 1/2-1/2

[Event "XXVII Festival Conca della Presolana B"]
[Site "Bratto - Castione della Presolana ITA"]
[Date "2007.08.26"]
[Round "3"]
[White "Fontanesi, Riccardo"]
[Black "Saccani, Ercole"]
[Result "1-0"]
[WhiteElo "1837"]
[BlackElo "1715"]
[PlyCount "49"]
[EventDate "2007.08.24"]

1. d4 Nf6 2. c4 d5 3. Nf3 c6 4. Nc3 e6 5. e3 Nbd7 6. Bd3 Be7 7. O-O O-O 8. b3
Re8 9. Qc2 Bb4 10. Bb2 Ba5 11. Ne5 Bc7 12. f4 Nf8 13. Ba3 g6 14. Qf2 Bd6 15.
Bxd6 Qxd6 16. c5 Qc7 17. g4 Re7 18. Qh4 Ne8 19. g5 Ng7 20. Ng4 Nf5 21. Bxf5
exf5 22. Nf6+ Kh8 23. Qh6 Qd8 24. Rf3 Re6 25. Rh3 1-0

[Event "XXVII Festival Conca della Presolana B"]
[Site "Bratto - Castione della Presolana ITA"]
[Date "2007.08.26"]
[Round "3"]
[White "Franzini, Stefano"]
[Black "Davi, Alessandro"]
[Result "0-1"]
[WhiteElo "1905"]
[BlackElo "1834"]
[PlyCount "102"]
[EventDate "2007.08.24"]

1. e4 c6 2. d4 d5 3. f3 e6 4. Nc3 Nd7 5. Bd3 Nb6 6. Nge2 c5 7. Ng3 cxd4 8. Bb5+
Bd7 9. Qxd4 Rc8 10. Bd3 h6 11. exd5 Nxd5 12. Nxd5 Bc6 13. Be3 Bxd5 14. Bb5+ Bc6
15. Qxd8+ Kxd8 16. Rd1+ Ke8 17. Bxc6+ Rxc6 18. c3 b6 19. Bd4 e5 20. Be3 g6 21.
Rd5 Bg7 22. O-O Ne7 23. Rd3 f5 24. Bf2 Kf7 25. Rfd1 Rhc8 26. Rd7 R8c7 27. Nf1
Ke6 28. R7d2 b5 29. Ne3 Bf6 30. Nc2 a5 31. Ne3 b4 32. c4 Bg5 33. b3 Bxe3 34.
Bxe3 f4 35. Bf2 g5 36. Kf1 h5 37. Ke2 g4 38. c5 Nf5 39. Rd8 g3 40. hxg3 fxg3
41. Bg1 Rc8 42. R8d7 Nd4+ 43. R1xd4 exd4 44. Rxd4 Rxc5 45. Re4+ Re5 46. Bb6
Rxe4+ 47. fxe4 Rc2+ 48. Kf3 h4 49. Bd8 Rxa2 50. Bc7 Ra3 51. Kg4 Rxb3 0-1

[Event "XXVII Festival Conca della Presolana B"]
[Site "Bratto - Castione della Presolana ITA"]
[Date "2007.08.26"]
[Round "3"]
[White "Galasso, Daniele"]
[Black "Barrera, Pietro"]
[Result "0-1"]
[WhiteElo "1712"]
[BlackElo "1905"]
[PlyCount "110"]
[EventDate "2007.08.24"]

1. c4 e6 2. Nc3 Nf6 3. Nf3 Bb4 4. a3 Bxc3 5. bxc3 b6 6. d3 Bb7 7. e4 d6 8. Be2
Nbd7 9. Bg5 h6 10. Bd2 Qe7 11. Qa4 O-O 12. O-O Nc5 13. Qc2 e5 14. Nh4 Nfxe4 15.
Nf5 Qf6 16. Nxh6+ gxh6 17. dxe4 Bxe4 18. Qd1 Qg6 19. Bf3 Kh7 20. Be3 Bxf3 21.
Qxf3 Ne4 22. Bxh6 Rg8 23. Be3 f5 24. Rae1 Raf8 25. Qh3+ Kg7 26. Bc1 Rh8 27. Qf3
Rh4 28. Re3 Rfh8 29. h3 Ng5 30. Qc6 f4 31. Qxc7+ Kh6 32. Rg3 Rh7 33. Rxg5 Kxg5
34. Qd8+ Kh5 35. Qc8 Rg7 36. Qh8+ Kg5 37. Qd8+ Qf6 38. Qxf6+ Kxf6 39. Kh2 Rhh7
40. Rd1 Ke6 41. Rd3 Rc7 42. g3 fxg3+ 43. fxg3 Rxc4 44. Bd2 Rf7 45. Kg2 Re4 46.
h4 Re2+ 47. Kh3 e4 48. Rd4 Rf3 49. Bf4 Rd3 50. Ra4 Kf5 51. Rxa7 Rd1 52. Rf7+
Ke6 53. Rb7 Rc2 54. Rxb6 Kf5 55. Rb5+ d5 0-1

[Event "XXVII Festival Conca della Presolana B"]
[Site "Bratto - Castione della Presolana ITA"]
[Date "2007.08.26"]
[Round "3"]
[White "Gallana, Marco"]
[Black "Spano' Cuomo, Gaetano"]
[Result "0-1"]
[WhiteElo "1949"]
[BlackElo "1861"]
[PlyCount "38"]
[EventDate "2007.08.24"]

1. d4 d5 2. c4 e6 3. Nc3 Nf6 4. Bg5 Be7 5. e3 h6 6. Bh4 Nbd7 7. Nf3 O-O 8. Bd3
b6 9. O-O Bb7 10. Qe2 Ne4 11. Bxe7 Qxe7 12. cxd5 Nxc3 13. bxc3 exd5 14. Ba6
Bxa6 15. Qxa6 c6 16. a4 Rfc8 17. Rfc1 Qd8 18. Ra2 Rc7 19. c4 Nb8 0-1

[Event "XXVII Festival Conca della Presolana B"]
[Site "Bratto - Castione della Presolana ITA"]
[Date "2007.08.26"]
[Round "3"]
[White "Gallavotti, Eugenio"]
[Black "Bini, Gabriele"]
[Result "1-0"]
[WhiteElo "1702"]
[BlackElo "1601"]
[PlyCount "85"]
[EventDate "2007.08.24"]

1. e4 Nf6 2. e5 Nd5 3. d4 d6 4. Bc4 c6 5. Qf3 dxe5 6. dxe5 Be6 7. Bd2 Nd7 8.
Qg3 N7b6 9. Bb3 Qd7 10. Nf3 f6 11. O-O Bf7 12. Nc3 e6 13. Ne4 O-O-O 14. c4 f5
15. Nd6+ Bxd6 16. exd6 Nf6 17. Ne5 Qxd6 18. Ba5 Bg6 19. Rad1 Qc5 20. Bxb6 Qxb6
21. c5 Qc7 22. Bxe6+ Kb8 23. Nxg6 Qxg3 24. fxg3 hxg6 25. Bf7 Rdf8 26. Bxg6 Nd5
27. Rde1 f4 28. gxf4 Nxf4 29. Bc2 g5 30. Re5 Rhg8 31. Re7 Rd8 32. Rd1 Nd5 33.
Re5 Rg7 34. Bb3 Rgd7 35. Rxg5 Ne3 36. Rxd7 Rxd7 37. Re5 Ng4 38. Re4 Nf6 39. Rf4
Nh5 40. Rh4 Nf6 41. Rf4 Nh5 42. Rf5 Ng7 43. Rf7 1-0

[Event "XXVII Festival Conca della Presolana B"]
[Site "Bratto - Castione della Presolana ITA"]
[Date "2007.08.26"]
[Round "3"]
[White "Gatta, Flavio"]
[Black "Boccalatte, Piero"]
[Result "0-1"]
[WhiteElo "1791"]
[BlackElo "1975"]
[PlyCount "46"]
[EventDate "2007.08.24"]

1. e4 c6 2. d4 d5 3. exd5 cxd5 4. c4 Nf6 5. c5 e5 6. dxe5 Ne4 7. Bb5+ Nc6 8. b4
a5 9. Nf3 axb4 10. Be3 Bxc5 11. Bxc5 Nxc5 12. Nbd2 Qb6 13. Qe2 O-O 14. O-O Bg4
15. Bxc6 bxc6 16. Qe3 Na4 17. Qb3 Rfb8 18. Rfc1 Nc3 19. Re1 Ra3 20. Qc2 Rba8
21. Ng5 g6 22. e6 fxe6 23. Qd3 Ne2+ 0-1

[Event "XXVII Festival Conca della Presolana B"]
[Site "Bratto - Castione della Presolana ITA"]
[Date "2007.08.26"]
[Round "3"]
[White "Luppi, Dario"]
[Black "Gozzini, Giambattista"]
[Result "0-1"]
[WhiteElo "1763"]
[BlackElo "1881"]
[PlyCount "46"]
[EventDate "2007.08.24"]

1. Nf3 Nf6 2. g3 g6 3. Bg2 Bg7 4. O-O d6 5. d3 e5 6. e4 O-O 7. c3 Nc6 8. Bg5 h6
9. Bd2 Be6 10. Ne1 d5 11. Qc1 Kh7 12. f4 exf4 13. Bxf4 dxe4 14. dxe4 Bc4 15.
Rf2 Qe7 16. Na3 Be6 17. Nb5 Ng4 18. Rd2 Qc5+ 19. Nd4 Nxd4 20. Be3 Nxe3 21. cxd4
Bxd4 22. Nf3 Qxc1+ 23. Rxc1 Bb6 0-1

[Event "XXVII Festival Conca della Presolana B"]
[Site "Bratto - Castione della Presolana ITA"]
[Date "2007.08.26"]
[Round "3"]
[White "Mansueti, Marco"]
[Black "Fiorili, Roberto"]
[Result "1/2-1/2"]
[WhiteElo "1703"]
[BlackElo "1946"]
[PlyCount "59"]
[EventDate "2007.08.24"]

1. d4 f5 2. g3 Nf6 3. Bg2 g6 4. c4 Bg7 5. Nc3 d6 6. e4 fxe4 7. Nxe4 O-O 8. Ne2
Nc6 9. O-O Bg4 10. f3 Bd7 11. d5 Na5 12. Qc2 c5 13. Rb1 b5 14. b3 Rb8 15. Bb2
Bf5 16. Bxf6 exf6 17. g4 Bxe4 18. fxe4 Qd7 19. h3 b4 20. Nf4 Nb7 21. Ne6 Rf7
22. Nxg7 Kxg7 23. Qb2 g5 24. Rf5 h6 25. Rbf1 Qe7 26. Kh2 Re8 27. Kg3 Qd8 28. h4
Re5 29. Qf2 Qe7 30. h5 1/2-1/2

[Event "XXVII Festival Conca della Presolana B"]
[Site "Bratto - Castione della Presolana ITA"]
[Date "2007.08.26"]
[Round "3"]
[White "Mazzetta, Renato"]
[Black "Cobas Ferrer, Dayami"]
[Result "1/2-1/2"]
[WhiteElo "1864"]
[BlackElo "1992"]
[PlyCount "82"]
[EventDate "2007.08.24"]

1. e4 e5 2. Nc3 Nf6 3. g3 Bc5 4. Bg2 a6 5. d3 Nc6 6. h3 d6 7. Nge2 Be6 8. Nd5
Bxd5 9. exd5 Ne7 10. c4 c6 11. dxc6 Nxc6 12. Nc3 h6 13. O-O O-O 14. Kh2 Rc8 15.
f4 exf4 16. Bxf4 Nd4 17. Qd2 Rb8 18. Ne4 Nxe4 19. Bxe4 f5 20. Bd5+ Kh7 21. h4
a5 22. Be3 b5 23. b3 Re8 24. Bxd4 Bxd4 25. Rae1 Rxe1 26. Qxe1 bxc4 27. dxc4 Be5
28. Kg2 g6 29. Qe3 Qc7 30. h5 Qc5 31. hxg6+ Kxg6 32. Qd3 Rf8 33. Be6 Qc6+ 34.
Kh2 Qe8 35. Bxf5+ Kg7 36. Bh3 Rxf1 37. Bxf1 Qg6 38. Qf3 h5 39. Qb7+ Kh6 40. Qf3
h4 41. Qe3+ Kg7 1/2-1/2

[Event "XXVII Festival Conca della Presolana B"]
[Site "Bratto - Castione della Presolana ITA"]
[Date "2007.08.26"]
[Round "3"]
[White "Menegollo, Carlo"]
[Black "Delledonne, Francesco"]
[Result "1-0"]
[WhiteElo "1889"]
[BlackElo "1822"]
[PlyCount "147"]
[EventDate "2007.08.24"]

1. e4 c6 2. d4 d5 3. f3 e6 4. Nc3 Bb4 5. e5 c5 6. Bb5+ Bd7 7. Bxd7+ Qxd7 8.
Nge2 Nc6 9. f4 Nge7 10. Be3 Nf5 11. Qd2 h5 12. O-O-O O-O-O 13. Bf2 Kb8 14. dxc5
d4 15. a3 Bxc5 16. Ne4 Qd5 17. Qd3 Be7 18. Kb1 g5 19. g3 g4 20. h3 Ne3 21. Bxe3
dxe3 22. N2c3 Qxd3 23. cxd3 Nd4 24. hxg4 hxg4 25. Rde1 Nf5 26. Rxh8 Rxh8 27.
Nd1 Rd8 28. Nxe3 Rxd3 29. Nxg4 Nxg3 30. Nh6 Nh5 31. f5 exf5 32. Nxf5 Rd5 33.
Nc3 Rd7 34. Rh1 Nf4 35. Rh8+ Bd8 36. Nh6 Ng6 37. Re8 Kc8 38. Nb5 Re7 39. Rxe7
Bxe7 40. Nxa7+ Kb8 41. Nb5 Nxe5 42. b4 Bg5 43. Nf5 b6 44. Ka2 Kb7 45. Kb3 Kc6
46. Nc3 Ng6 47. Nd4+ Kb7 48. Kc4 Bf6 49. Nf5 Bxc3 50. Kxc3 Kc6 51. a4 Ne5 52.
Ne3 f6 53. Nc2 Nf7 54. Kd4 Nd6 55. Ne3 Nb7 56. Nd5 Nd6 57. Nxf6 Nb7 58. b5+ Kd6
59. Nd5 Kd7 60. Nxb6+ Kc7 61. Nc4 Nd8 62. Kd5 Kb7 63. a5 Ka7 64. Ne5 Kb7 65.
Nd7 Ka7 66. Nc5 Ka8 67. b6 Kb8 68. a6 Ka8 69. Kd6 Kb8 70. Nd7+ Kc8 71. Nc5 Kb8
72. Kd7 Nf7 73. Ke7 Nh6 74. Nd7+ 1-0

[Event "XXVII Festival Conca della Presolana B"]
[Site "Bratto - Castione della Presolana ITA"]
[Date "2007.08.26"]
[Round "3"]
[White "Nepi, Ezio"]
[Black "Morandi, Daniele"]
[Result "0-1"]
[WhiteElo "1831"]
[BlackElo "1904"]
[PlyCount "82"]
[EventDate "2007.08.24"]

1. c4 Nf6 2. Nc3 g6 3. g3 Bg7 4. Bg2 O-O 5. Nf3 d6 6. O-O e5 7. d3 Nc6 8. Rb1
a5 9. b3 Nd7 10. a3 f5 11. Ng5 Nf6 12. Nd5 h6 13. Nxf6+ Qxf6 14. Nf3 g5 15. Nd2
g4 16. f4 h5 17. e4 exf4 18. Bb2 Qe7 19. Rxf4 Bh6 20. Qf1 h4 21. exf5 Qe3+ 22.
Qf2 Bxf4 23. gxf4 Qxf2+ 24. Kxf2 Bxf5 25. Bd5+ Kh7 26. Ne4 Ne5 27. Nf6+ Rxf6
28. fxe5 dxe5 29. Ke3 c6 30. Bxe5 Re8 31. Kf4 Rff8 32. Be4 Kg6 33. d4 Bxe4+ 34.
Kxe4 c5 35. Rg1 Kg5 36. Rg2 Rf5 37. Kd3 cxd4 38. Bxd4 Rd8 39. Re2 Rf3+ 40. Re3
Kf4 41. Rxf3+ gxf3 0-1

[Event "XXVII Festival Conca della Presolana B"]
[Site "Bratto - Castione della Presolana ITA"]
[Date "2007.08.26"]
[Round "3"]
[White "Orsatti, Marcello"]
[Black "Buono, Valerio"]
[Result "1/2-1/2"]
[WhiteElo "1857"]
[BlackElo "1965"]
[PlyCount "60"]
[EventDate "2007.08.24"]

1. c4 e5 2. Nc3 Nc6 3. g3 Nf6 4. Bg2 Bc5 5. d3 O-O 6. e4 a6 7. h3 d6 8. Nge2
Bd7 9. O-O Rb8 10. a3 Ne8 11. b4 Ba7 12. Be3 Bxe3 13. fxe3 f5 14. exf5 Rxf5 15.
Bd5+ Kh8 16. Rxf5 Bxf5 17. Qf1 Ne7 18. g4 c6 19. Be4 Be6 20. Qf2 Nf6 21. Qh4
Nxe4 22. Nxe4 Ng6 23. Qxd8+ Rxd8 24. Rf1 Kg8 25. Ng5 Re8 26. Ng3 h6 27. N5e4
Rd8 28. Nf5 Bxf5 29. Rxf5 Nh4 30. Rf1 b6 1/2-1/2

[Event "XXVII Festival Conca della Presolana B"]
[Site "Bratto - Castione della Presolana ITA"]
[Date "2007.08.26"]
[Round "3"]
[White "Pedemonte, Claudio"]
[Black "De Bortoli, Thomas"]
[Result "1/2-1/2"]
[WhiteElo "1915"]
[BlackElo "1617"]
[PlyCount "81"]
[EventDate "2007.08.24"]

1. c4 e5 2. g3 Nf6 3. Bg2 d5 4. cxd5 Nxd5 5. Nc3 Nb6 6. Nf3 Nc6 7. O-O Be7 8.
d3 O-O 9. a3 Bg4 10. b4 a6 11. Bb2 Qd7 12. Rc1 Bh3 13. Ne4 Bxg2 14. Kxg2 f6 15.
Nc5 Qc8 16. Qc2 Nd7 17. Nxb7 Nxb4 18. Qxc7 Nd5 19. Qxc8 Rfxc8 20. Rxc8+ Rxc8
21. Na5 h6 22. Nc4 N7b6 23. Nxb6 Nxb6 24. Rc1 Rb8 25. Bc3 Nd5 26. Be1 Rb3 27.
e4 Nb6 28. Rc7 Bxa3 29. Ra7 Rxd3 30. Rxa6 Nc4 31. Nh4 Rd8 32. Nf5 Bf8 33. h4
Nb2 34. Ba5 Rc8 35. Ne3 Nd3 36. Bb6 Rc6 37. Nd5 Nb4 38. Nxb4 Bxb4 39. Ra8+ Kf7
40. Ra7+ Kg6 41. Be3 1/2-1/2

[Event "XXVII Festival Conca della Presolana B"]
[Site "Bratto - Castione della Presolana ITA"]
[Date "2007.08.26"]
[Round "3"]
[White "Pennati, Roberto"]
[Black "Melone, Antonio"]
[Result "1-0"]
[WhiteElo "1777"]
[BlackElo "1704"]
[PlyCount "113"]
[EventDate "2007.08.24"]

1. c4 Nf6 2. g3 c5 3. Bg2 Nc6 4. Nc3 g6 5. Nf3 Bg7 6. O-O O-O 7. a3 d6 8. d3 a6
9. Bd2 Ne8 10. Qc1 Nc7 11. Bh6 b5 12. Bxg7 Kxg7 13. Nd2 Bb7 14. cxb5 axb5 15.
e3 Na5 16. f3 Bc6 17. Nce4 Nb7 18. b4 f5 19. Nf2 Qd7 20. Qb2+ Kg8 21. e4 cxb4
22. exf5 bxa3 23. Rxa3 Rxa3 24. Qxa3 Rxf5 25. Bh3 Nd5 26. Bxf5 Qxf5 27. Ng4 Kg7
28. Qa1+ e5 29. Ne4 h5 30. Qa6 Nb4 31. Qb6 hxg4 32. fxg4 Qd7 33. Ng5 Bd5 34.
Qf2 Qe7 35. h4 Nxd3 36. Qd2 Nbc5 37. Kh2 Bc4 38. Qc3 Nf4 39. Rxf4 b4 40. Qa1
Nd7 41. Rxc4 Nc5 42. Rxb4 Qf6 43. Qa8 Qf2+ 44. Qg2 Qe1 45. Rb2 e4 46. Qf2 Qxf2+
47. Rxf2 d5 48. Rf7+ Kg8 49. Rc7 Nd3 50. Rd7 Nb4 51. Kg2 Kf8 52. Kf1 Ke8 53.
Rd6 Ke7 54. Rxg6 Nc2 55. Ke2 Nd4+ 56. Kd1 Nb3 57. h5 1-0

[Event "XXVII Festival Conca della Presolana B"]
[Site "Bratto - Castione della Presolana ITA"]
[Date "2007.08.26"]
[Round "3"]
[White "Primerano, Carlo"]
[Black "Vargiu, Antonio"]
[Result "0-1"]
[WhiteElo "1740"]
[BlackElo "1917"]
[PlyCount "86"]
[EventDate "2007.08.24"]

1. d4 e6 2. c4 d5 3. Nc3 Nf6 4. Bg5 c6 5. cxd5 cxd5 6. Nf3 Be7 7. e3 Nbd7 8.
Bd3 O-O 9. O-O g6 10. Rc1 a6 11. Rc2 Nh5 12. Bxe7 Qxe7 13. Qc1 Nhf6 14. Ne2 e5
15. dxe5 Nxe5 16. Nxe5 Qxe5 17. Ng3 Bd7 18. Qd2 h5 19. Rfc1 h4 20. Ne2 Ng4 21.
g3 Qf6 22. Nd4 Ne5 23. Be2 Nc6 24. Nxc6 Bxc6 25. Qc3 Qf5 26. Qd3 Qf6 27. Qd1
Qg5 28. Qd4 hxg3 29. hxg3 Rfe8 30. Bf3 Re6 31. Kg2 Qf5 32. Rh1 Rf6 33. Qd1 Re8
34. Rd2 Qxf3+ 35. Qxf3 Rxf3 36. Rd4 Rf5 37. g4 Rfe5 38. Kg3 Re4 39. Rd2 d4 40.
f3 Rxe3 41. Rdh2 Rxf3+ 42. Kh4 Kg7 43. Kg5 f6+ 0-1

[Event "XXVII Festival Conca della Presolana B"]
[Site "Bratto - Castione della Presolana ITA"]
[Date "2007.08.26"]
[Round "3"]
[White "Romano, Zeno"]
[Black "Cambieri, Mario"]
[Result "1-0"]
[WhiteElo "1866"]
[BlackElo "1867"]
[PlyCount "55"]
[EventDate "2007.08.24"]

1. e4 c5 2. Nf3 d6 3. d4 cxd4 4. Nxd4 Nf6 5. Nc3 g6 6. Be3 Bg7 7. f3 Bd7 8. Qd2
Nc6 9. O-O-O O-O 10. g4 Rc8 11. h4 Nb4 12. a3 Rxc3 13. axb4 Rxe3 14. Qxe3 Qb6
15. Qd2 Rc8 16. Kb1 Ba4 17. b3 Be8 18. h5 Nd7 19. hxg6 hxg6 20. f4 Nf6 21. Bg2
Nxg4 22. Bh3 Bd7 23. Rhg1 Nf6 24. Bxd7 Nxd7 25. Nf5 Bc3 26. Nxe7+ Kg7 27. Qxd6
Qxd6 28. Rxd6 1-0

[Event "XXVII Festival Conca della Presolana B"]
[Site "Bratto - Castione della Presolana ITA"]
[Date "2007.08.26"]
[Round "3"]
[White "Rozzoni, Davide"]
[Black "Proietti, Giorgio"]
[Result "1-0"]
[WhiteElo "1786"]
[BlackElo "1878"]
[PlyCount "89"]
[EventDate "2007.08.24"]

1. b3 Nf6 2. Bb2 e6 3. g3 d5 4. Bg2 c5 5. d3 Be7 6. Nd2 O-O 7. e3 Nc6 8. Ne2
Bd7 9. O-O e5 10. h3 Qc7 11. a3 Rfe8 12. g4 h6 13. Ng3 d4 14. e4 b5 15. Nf5
Bxf5 16. exf5 Rac8 17. Qf3 Bd6 18. Ne4 Nxe4 19. Qxe4 Ne7 20. h4 Qc6 21. a4 Qxe4
22. Bxe4 b4 23. g5 hxg5 24. hxg5 Kf8 25. Kg2 Ng8 26. Rh1 f6 27. g6 Nh6 28. Bc1
Rc7 29. Bxh6 gxh6 30. Rxh6 Rg7 31. Rah1 Ree7 32. Rh8+ Rg8 33. Rxg8+ Kxg8 34.
Bd5+ Kg7 35. Rh7+ Kf8 36. Rh8+ Kg7 37. Rg8+ Kh6 38. Kf3 Rg7 39. Rh8+ Kg5 40.
Bf7 Be7 41. Ra8 Kxf5 42. Rxa7 Bf8 43. a5 Rxg6 44. Bxg6+ Kxg6 45. a6 1-0

[Event "XXVII Festival Conca della Presolana B"]
[Site "Bratto - Castione della Presolana ITA"]
[Date "2007.08.26"]
[Round "3"]
[White "Scarpellini, Felice"]
[Black "Margstahler, Francesco"]
[Result "1/2-1/2"]
[WhiteElo "1848"]
[BlackElo "1752"]
[PlyCount "70"]
[EventDate "2007.08.24"]

1. c4 e6 2. Nc3 d5 3. cxd5 exd5 4. d4 c6 5. g3 Nf6 6. Bg2 Bd6 7. Nf3 O-O 8. O-O
Re8 9. a3 Nbd7 10. b4 Nb6 11. e3 Bg4 12. h3 Bh5 13. g4 Bg6 14. Nh2 Nc4 15. Re1
Qc7 16. f4 Ne4 17. Nxe4 Bxe4 18. Nf3 f6 19. Nd2 Nxd2 20. Bxd2 Re7 21. Rc1 Rae8
22. Qb3 Qb6 23. Qc3 a6 24. Rf1 Qc7 25. Rf2 g5 26. Rcf1 gxf4 27. exf4 Bxg2 28.
Kxg2 Re4 29. f5 Qb6 30. g5 Qxd4 31. Qxd4 Rxd4 32. Bc3 Rd3 33. Bxf6 Rg3+ 34. Kh1
Rxh3+ 35. Kg2 Rg3+ 1/2-1/2

[Event "XXVII Festival Conca della Presolana B"]
[Site "Bratto - Castione della Presolana ITA"]
[Date "2007.08.26"]
[Round "3"]
[White "Simone, Marco"]
[Black "Sala, Giovanni"]
[Result "0-1"]
[WhiteElo "1904"]
[BlackElo "1935"]
[PlyCount "86"]
[EventDate "2007.08.24"]

1. e4 c5 2. c3 d5 3. exd5 Qxd5 4. d4 Nf6 5. Nf3 e6 6. Na3 Nc6 7. Nb5 Qd8 8. Bf4
Nd5 9. Bg3 a6 10. Na3 cxd4 11. Nxd4 Nxc3 12. bxc3 Bxa3 13. Qb3 Nxd4 14. Qa4+
Qd7 15. Qxd4 Qxd4 16. cxd4 Bb2 17. Rd1 Bc3+ 18. Ke2 O-O 19. Ke3 Bd7 20. Bd3 Bc6
21. f3 Rfd8 22. Be4 Rac8 23. Rd3 Bd5 24. Be1 Bxe1 25. Rxe1 Rc2 26. Bxd5 Rxd5
27. Re2 Rxe2+ 28. Kxe2 Ra5 29. a3 Rb5 30. Rc3 g6 31. Kd2 Rb2+ 32. Rc2 Rxc2+ 33.
Kxc2 Kf8 34. a4 b6 35. Kc3 Ke7 36. g3 Kd6 37. h3 g5 38. Kd3 Kd5 39. Kc3 f5 40.
Kd3 f4 41. gxf4 gxf4 42. h4 b5 43. a5 b4 0-1

[Event "XXVII Festival Conca della Presolana B"]
[Site "Bratto - Castione della Presolana ITA"]
[Date "2007.08.26"]
[Round "3"]
[White "Stella, Luca"]
[Black "Gazzetta, Marco"]
[Result "0-1"]
[WhiteElo "1855"]
[BlackElo "1769"]
[PlyCount "64"]
[EventDate "2007.08.24"]

1. e4 e6 2. d3 d5 3. Nd2 dxe4 4. dxe4 Nd7 5. Ngf3 a6 6. c3 b6 7. Bc4 Bd6 8. O-O
Bb7 9. Re1 Ne7 10. Nf1 Ng6 11. Ng3 b5 12. Bb3 Nc5 13. Bc2 h5 14. Qe2 h4 15. Nf1
Nf4 16. Bxf4 Bxf4 17. Nd4 Qg5 18. Rad1 O-O-O 19. b4 Nd7 20. a4 bxa4 21. Bd3 e5
22. Nf3 Qg6 23. Ra1 Nb8 24. Rxa4 Qc6 25. b5 Qxc3 26. bxa6 Qxd3 27. axb7+ Kxb7
28. Rb4+ Kc8 29. Qa2 Qa6 30. Qxf7 g5 31. Reb1 Nc6 32. Qe6+ 32... Rd7 $138 0-1

[Event "XXVII Festival Conca della Presolana B"]
[Site "Bratto - Castione della Presolana ITA"]
[Date "2007.08.26"]
[Round "3"]
[White "Tafur, Abel"]
[Black "Biava, Pierluigi"]
[Result "1-0"]
[WhiteElo "1984"]
[BlackElo "1739"]
[PlyCount "120"]
[EventDate "2007.08.24"]

1. e4 c5 2. Nf3 e6 3. d4 cxd4 4. Nxd4 Nf6 5. Nc3 Bb4 6. Bd3 Nc6 7. Nxc6 bxc6 8.
O-O O-O 9. e5 Nd5 10. Ne4 f5 11. exf6 Nxf6 12. Qe2 Be7 13. Ng5 Qb6 14. c4 c5
15. Qc2 h6 16. Nf3 Bd6 17. Qe2 Qc7 18. h3 Bb7 19. Bd2 Nh5 20. Be4 Nf4 21. Bxf4
Rxf4 22. Bxb7 Qxb7 23. Rad1 Qc7 24. Qd2 Be7 25. Qxd7 Qxd7 26. Rxd7 Bf6 27. b3
a5 28. Re1 a4 29. Rxe6 axb3 30. axb3 Ra1+ 31. Re1 Ra2 32. Rd3 Ra3 33. Red1 Re4
34. Kf1 Re8 35. Nd2 Bd4 36. Rf3 Ra2 37. g3 Rb2 38. h4 Ra8 39. Ke2 Bf6 40. Rd3
Re8+ 41. Kf3 Bd4 42. Ne4 Rf8+ 43. Kg4 Kh7 44. f3 g6 45. f4 Kg7 46. Kf3 Rb8 47.
Nd6 R8xb3 48. Nb5 Rf2+ 49. Ke4 Re2+ 50. Kd5 Rxd3 51. Rxd3 Re3 52. Rxd4 cxd4 53.
Kxd4 Rxg3 54. c5 Rb3 55. Nd6 Kf6 56. c6 Rb1 57. c7 Rd1+ 58. Kc5 Rc1+ 59. Nc4
Kf5 60. c8=Q+ Kxf4 1-0

[Event "XXVII Festival Conca della Presolana B"]
[Site "Bratto - Castione della Presolana ITA"]
[Date "2007.08.26"]
[Round "3"]
[White "Tonel, Giulia"]
[Black "Franciosi, Fausto"]
[Result "1/2-1/2"]
[WhiteElo "1934"]
[BlackElo "1698"]
[PlyCount "67"]
[EventDate "2007.08.24"]

1. e4 g6 2. d4 Bg7 3. Nf3 d6 4. h3 Nf6 5. Nbd2 O-O 6. Bd3 b6 7. O-O Ba6 8. Bxa6
Nxa6 9. Qe2 Qc8 10. c3 c5 11. Rd1 cxd4 12. Nxd4 Nd7 13. N2f3 Nac5 14. Nh2 Qb7
15. f3 Ne5 16. a4 Rab8 17. Be3 Qd7 18. f4 Nc6 19. Qc2 Qb7 20. Ne2 Rfc8 21. Nf3
Na5 22. Ng3 Ncb3 23. Ra3 Nc4 24. Qxb3 Nxe3 25. Re1 Nc4 26. Raa1 Nxb2 27. Qxb2
Bxc3 28. Qb3 Bxa1 29. Rxa1 Qc7 30. Ng5 Qc4 31. Qxc4 Rxc4 32. Nf3 Rbc8 33. Kf2
Rc2+ 34. Ne2 1/2-1/2